Central Library and Information Centre
Sibsagar Girls' College, Sivasagar : Assam

NUMERICAL ANALYSIS (Record no. 7742)

MARC details
000 -LEADER
fixed length control field 00431cam a2200193ua 4500
008 - FIXED-LENGTH DATA ELEMENTS--GENERAL INFORMATION
fixed length control field 120515n1996 II |||gr||||Z||||||eng
040 ## - CATALOGING SOURCE
Original cataloging agency MAIN
041 ## - LANGUAGE CODE
-- English
082 ## - DEWEY DECIMAL CLASSIFICATION NUMBER
Classification number 515 VAS
100 ## - MAIN ENTRY--PERSONAL NAME
Personal name VASISTHA, A. R.
245 ## - TITLE STATEMENT
Title NUMERICAL ANALYSIS
250 ## - EDITION STATEMENT
Edition statement 3RD.
260 ## - PUBLICATION, DISTRIBUTION, ETC.
Place of publication, distribution, etc. MEERUT
Name of publisher, distributor, etc. KEDARNATH RAMNATH
Date of publication, distribution, etc. 1996
300 ## - PHYSICAL DESCRIPTION
Extent 384:
Dimensions 22CM.
700 ## - ADDED ENTRY--PERSONAL NAME
Personal name VASISTHA, VIPIN.
942 ## - ADDED ENTRY ELEMENTS (KOHA)
Koha item type Books
653 ## - INDEX TERM--UNCONTROLLED
Uncontrolled term Analysis
Holdings
Withdrawn status Lost status Damaged status Not for loan Collection code Home library Current library Shelving location Date acquired Full call number Barcode Date last seen Copy number Price effective from Koha item type
        TBMAT Central Library and Information Centre Sibsagar Girls College Central Library and Information Centre Sibsagar Girls College Mathematics Rack 23.06.1998 515 VAS 15097 27.02.2020 1 27.02.2020 Books


Sibsagar Girl's College © 2020. All rights reserved.
Powered by Koha.
Maintained by Abhijit Borpuzari.